Pakistan tout jaye ga ? : (Record no. 35440)
[ view plain ]
| 000 -LEADER | |
|---|---|
| fixed length control field | 00530nam a22001457a 4500 |
| 005 - DATE AND TIME OF LATEST TRANSACTION | |
| control field | 20240322113519.0 |
| 008 - FIXED-LENGTH DATA ELEMENTS--GENERAL INFORMATION | |
| fixed length control field | 240322b |||||||| |||| 00| 0 eng d |
| 082 ## - DEWEY DECIMAL CLASSIFICATION NUMBER | |
| Classification number | 954.7 |
| Item number | MUN-P |
| 100 ## - MAIN ENTRY--AUTHOR | |
| Author Name | Muneer Ahmad |
| 245 ## - TITLE STATEMENT | |
| Title | Pakistan tout jaye ga ? : |
| Remainder of title | Mulki or gair mulki sazishoon ki dastaan jo aik martabah phir humain kisi sanhay se do-char kerna shahtay hain / |
| Statement of responsibility, etc. | Muneer Ahmad |
| 260 ## - PUBLICATION, DISTRIBUTION, ETC. | |
| Place of Publication | Pakistan : |
| Name of publisher, distributor, etc. | Tahleeqatay Lahore, |
| Date of publication, distribution, etc. | c1996 . |
| 300 ## - PHYSICAL DESCRIPTION | |
| Pages | 400 p. : |
| 650 ## - SUBJECT ADDED ENTRY--TOPICAL TERM | |
| Subject / Department | Literature / political science |
| 300 ## - PHYSICAL DESCRIPTION | |
| -- | ill , |
| -- | 22 cm . |
| 952 ## - LOCATION AND ITEM INFORMATION (KOHA) | |
| -- | 0 |
| -- | 0 |
| Lost status | Damaged status | Collection code | Permanent Location | Current Location | Shelving Location | Date acquired | Full Call Number | Accession No./Barcode | Date last seen | item type | Koha item type |
|---|---|---|---|---|---|---|---|---|---|---|---|
| Literature/Urdu/eng/Islamic | Superior Information Resource Center (SIRC) Superior University- Main Campus | Superior Information Resource Center (SIRC) Superior University- Main Campus | Political Science | 03/22/2024 | 954.7 MUN-P 1996 | 29149 | 03/22/2024 | BOOK | BOOK |
